|
|
|
|
| LEADER |
00000nam0a2200000 4500 |
| 001 |
124188 |
| 005 |
20231031130822.0 |
| 035 |
|
|
|a (RuTPU)RU\TPU\book\134409
|
| 090 |
|
|
|a 124188
|
| 100 |
|
|
|a 20071029d1986 m y0rusy50 ca
|
| 101 |
0 |
|
|a rus
|
| 102 |
|
|
|a RU
|
| 105 |
|
|
|a ac z 000ay
|
| 200 |
1 |
|
|a Подранок
|e стихи, поэма
|f М. В. Андреев
|
| 210 |
|
|
|a Москва
|c Современник
|d 1986
|
| 215 |
|
|
|a 78 с.
|c ил., портр.
|
| 318 |
|
|
|5 63413507
|a "Томск - любовь моя и судьба" - творчество писателей-томичей
|b выставка
|
| 330 |
|
|
|a С творчеством Михаила Андреева всесоюзный читатель впервые познакомился по книгам «Лиственный свет», «...И звезда высоко-высоко». С той поры поэзия М. Андреева возмужала, приобрела большую глубину, поэт стал лауреатом Всесоюзного литературного конкурса им. Горького А. М. на лучшую первую книгу молодого автора. Он взволнованно пишет о сибирской деревне, о юношеской любви, о необходимости быть духовно богатым и красивым.
|
| 610 |
1 |
|
|a советская литература
|
| 610 |
1 |
|
|a стихи
|
| 610 |
1 |
|
|a поэмы
|
| 610 |
1 |
|
|a поэзия
|
| 675 |
|
|
|a Р2
|v 3
|
| 700 |
|
1 |
|a Андреев
|b М. В.
|c русский писатель
|f 1954-
|g Михаил Васильевич
|2 stltpush
|3 (RuTPU)RU\TPU\pers\13154
|
| 801 |
|
1 |
|a RU
|b 63413507
|c 20071029
|g PSBO
|
| 801 |
|
2 |
|a RU
|b 63413507
|c 20140605
|g PSBO
|
| 942 |
|
|
|c BK
|